000
00245nam a22001217a 4500
008
171031b xxu||||| |||| 00| 0 eng d
041
_a
eng
080
_a
33
100
_a
58
101
_a
bus
245
_a
BUSSINESS
_c
PRIDE.H
942
_2
udc
_c
BK
999
_c
36617
_d
36617